Le Caire et ses environs /

Saved in:

Main Author: Bénédite, Georges (Author)

Other Authors: Herz, Max, 1856-1919.

Format: Book

Language: French

Series: Collection des guides-Joanne.

Subjects:

Tags: Add Tag

No Tags, Be the first to tag this record!

Call Number: DT144 .B5 1909

LEADER 00960namaa2200277 4500
001 20103
003 OSt
005 20201217110049.0
008 130303s1909 fr ab g 000 0 fre d
952 |0 0  |1 0  |2 lcc  |4 0  |6 DT0144 B5 01909  |7 1  |9 8554  |a ARCE  |b ARCE  |d 2020-12-17  |l 0  |o DT144 .B5 1909  |p 1003630  |r 2020-12-17 00:00:00  |w 2020-12-17  |y BK 
999 |c 16864  |d 16864 
040 |c ARCE Library 
043 |a f-ua--- 
050 0 4 |a DT144 .B5 1909 
100 1 |a Bénédite, Georges,  |e author  |9 26586 
245 1 3 |a Le Caire et ses environs /  |c [par Georges Bénédite, avec le concours de Max Herz Bey]. 
264 1 |a [Paris :  |b Hachette,  |c 1909]. 
300 |a 182 pages :  |b illustrations, maps ;  |c 16 cm. 
336 |a text  |b txt  |2 rdacontent 
337 |a unmediated  |b n  |2 rdamedia 
338 |a volume  |b nc  |2 rdacarrier 
490 0 |a Collection des guides-Joanne. 
651 0 |a Cairo (Egypt)  |v Guidebooks. 
700 1 |a Herz, Max,  |d 1856-1919.  |9 31987 
901 |a reviewed 
942 |c BK  |2 lcc